书目信息 |
| 题名: |
老年人精神生活健康指南
|
|
| 作者: | 徐荣周 , 曹秋芬 编著 | |
| 分册: | ||
| 出版信息: | 北京 中国医药科技出版社 2020.06 |
|
| 页数: | 191页 | |
| 开本: | 24cm | |
| 丛书名: | ||
| 单 册: | ||
| 中图分类: | B844.4-62 | |
| 科图分类: | ||
| 主题词: | 老年人--心理健康--指南 | |
| 电子资源: | ||
| ISBN: | 978-7-5214-1763-0 | |
| 000 | 01024nam0 2200253 450 | |
| 001 | 012001002339 | |
| 005 | 20221208083350.12 | |
| 010 | @a978-7-5214-1763-0@dCNY35.00 | |
| 100 | @a20220905d2020 em y0chiy50 ea | |
| 101 | 0 | @achi |
| 102 | @aCN@b110000 | |
| 105 | @aa z 000yy | |
| 106 | @ar | |
| 200 | 1 | @a老年人精神生活健康指南@Alao nian ren jing shen sheng huo jian kang zhi nan@f徐荣周,曹秋芬编著 |
| 205 | @a3版 | |
| 210 | @a北京@c中国医药科技出版社@d2020.06 | |
| 215 | @a191页@c图@d24cm | |
| 330 | @a本书从心理保健、心理咨询、心理养生、家庭生活等方面,关注老年人的心理健康和自助,结合生活实际情境,帮助老年人疏解心理问题、舒畅心情,缓解老年人的失落感、孤独感、忧郁感,增添生活情趣,提高生活质量,促进老年人的精神心理健康,以积极、充满正能量的心态度过每一天,享受美好生活。 | |
| 606 | 0 | @a老年人@x心理健康@j指南 |
| 690 | @aB844.4-62@v5 | |
| 701 | 0 | @a徐荣周@Axu rong zhou@f(1935.12-)@4编著 |
| 701 | 0 | @a曹秋芬@Acao qiu fen@4编著 |
| 801 | 0 | @aCN@bAHXH@c20221111 |
| 905 | @b1372700-4@dB844.4-62@e4452=3@f5 | |
| 老年人精神生活健康指南/徐荣周,曹秋芬编著.-3版.-北京:中国医药科技出版社,2020.06 |
| 191页:图;24cm |
| ISBN 978-7-5214-1763-0:CNY35.00 |
| 本书从心理保健、心理咨询、心理养生、家庭生活等方面,关注老年人的心理健康和自助,结合生活实际情境,帮助老年人疏解心理问题、舒畅心情,缓解老年人的失落感、孤独感、忧郁感,增添生活情趣,提高生活质量,促进老年人的精神心理健康,以积极、充满正能量的心态度过每一天,享受美好生活。 |
| ● |
| 相关链接 |
|
|
|
|
正题名:老年人精神生活健康指南
索取号:B844.4-62/4452=3
 
预约/预借
| 序号 | 登录号 | 条形码 | 馆藏地/架位号 | 状态 | 备注 |
| 1 | 1372700 | 213727001 | 第一样本阅览室/ [索取号:B844.4-62/4452=3] | 在馆 | |
| 2 | 1372701 | 213727010 | 教育系资料室/ [索取号:B844.4-62/4452=3] | 在馆 | |
| 3 | 1372702 | 213727029 | 教育系资料室/ [索取号:B844.4-62/4452=3] | 在馆 | |
| 4 | 1372703 | 213727038 | 第一借阅区/ [索取号:B844.4-62/4452=3] | 在馆 | |
| 5 | 1372704 | 213727047 | 第一借阅区/ [索取号:B844.4-62/4452=3] | 在馆 |